000 00493nam a2200193Ia 4500
005 20250923144515.0
008 008 250917s9999 xx 000 0 eng d
037 _aTextual
040 _aDSWL
_beng
_cDSWL
041 _aeng
_2eng
084 _qDSWL
100 _aJordan
_9825573
245 0 _aSelf - portrait of youth
_cby Jordan
260 _aLondon
_bWilliam Heinemann
_c1955
300 _axii,176p.
700 _a Fisher
_9825574
942 _cTEXL
999 _c1439781
_d1439781